Statistics for Fast Typing #3 Foods

Click here to take the quiz!

General Stats

  • This quiz has been taken 189 times
  • The average score is 11 of 15

Answer Stats

Answer% Correct
Carrot
98%
Strawberry
98%
Pizza
97%
Potato
96%
Blueberry
95%
Grape
93%
Pea
88%
Apple
87%
Tomato
76%
Peach
66%
Onion
63%
Pepper
60%
Banana
39%
Avocado
38%
Lemon
38%

Score Distribution

Percentile by Number Answered

Percent of People with Each Score

Your Score History

You have not taken this quiz